[Event "American Continental-ch 2018"]
[Site "Montevideo"]
[Date "2018.06.02"]
[Round "2"]
[White "Pichot, Alan"]
[Black "Muniz, Rafael"]
[Result "1-0"]
[WhiteElo "2564"]
[BlackElo "2290"]
[Annotator "TA"]
[PlyCount "63"]
[EventDate "2018.??.??"]
[EventType "swiss"]
[EventCountry "URU"]
[SourceTitle "playchess.com"]
[Source "ChessBase"]
[SourceQuality "1"]

{[%evp 21,63,36,58,-50,-51,-79,-91,-94,-56,-68,-78,-108,-97,-90,-83,-108,-102,-95,-82,-103,-122,-120,-73,-131,-123,-103,-121,-135,-150,-124,-141,-147,276,269,686,690,29970,29974,29973,29974,29972,29973,29996,29997]} 1. e4 c5 2. Nf3 d6 3. d4 cxd4 4. Nxd4 Nf6 5. Nc3 a6 6. Bg5 e6 7. f4 Be7 8. Qf3 h6 9. Bh4 Qc7 10. O-O-O Nbd7 11. Be2 Rb8 {LiveBook: 58 Partien} 12. Bxf6 {B99: Sizilianisch (Najdorf-Variante)} (12. Qg3 $14) (12. Qg3 Rg8 13. Rhf1 g5 14. fxg5 Ne5 15. Ndb5 axb5 16. gxf6 Rxg3 17. Bxg3 Bd7 18. fxe7 Kxe7 19. Bxb5 Bc6 20. Rf2 {0-1 (33) Baron,T (2541)-Nepomniachtchi,I (2705) Skopje 2015}) 12... Bxf6 $15 13. Ndb5 $146 ({Vorgänger:} 13. f5 Ne5 14. Qh3 O-O 15. g4 b5 16. Bd3 Bd7 17. Nce2 Rfe8 18. Qg3 Nc4 {½-½ (66) Zochowski,K (2001)-Sieklucki,A (1847) Bialystok 2011}) 13... axb5 14. Nxb5 {Schwarz steht besser.} Qc5 $1 {Droht stark ...Le7.} 15. Nxd6+ Kf8 16. e5 Be7 17. Rd3 {Tc3 ist eine echte Drohung.} Bxd6 18. Rxd6 g6 19. h4 h5 20. a3 b5 21. b4 Qa7 22. Rhd1 (22. Rh3 $142) 22... Kg7 $17 23. Qg3 Nb6 24. Qe3 Qc7 25. f5 exf5 {Droht ...Sc4 und aus.} 26. e6 {[#] zielt auf exf7 ab.} f6 $2 {[%mdl 8192]} ({Natürlich nicht} 26... Bxe6 27. Qe5+ Kh6 28. Rxe6 $11) (26... fxe6 27. Bxb5 Kh7 28. Rc6 $15) (26... Re8 $1 $17 {[%cal Rc8e6]} 27. Qd4+ f6 28. Bxb5 Rxe6) 27. Bxb5 $18 Nc4 $2 (27... Rb7) 28. Bxc4 {Schwarz muss nun Td7+! beachten.} Qxc4 {[#]} 29. Rd7+ $1 {[%mdl 512] Weiß setzt Matt.} Bxd7 30. Rxd7+ Kf8 {[#]} 31. Qa7 $1 Qf1+ 32. Kb2 {Precision: Weiß = 58%, Schwarz = 48%.} 1-0

[Event "American Continental-ch 2018"]
[Site "Montevideo"]
[Date "2018.06.02"]
[Round "2"]
[White "Perez Ponsa, Federico"]
[Black "Kimelman, Gabriel"]
[Result "1-0"]
[WhiteElo "2556"]
[BlackElo "2279"]
[Annotator "TA"]
[PlyCount "65"]
[EventDate "2018.??.??"]
[EventType "swiss"]
[EventCountry "URU"]
[SourceTitle "playchess.com"]
[Source "ChessBase"]
[SourceQuality "1"]

{[%evp 26,65,23,20,26,26,43,41,64,48,58,57,64,62,60,47,55,59,68,57,68,61,55,61,63,68,55,66,60,74,122,118,133,123,735,715,692,666,1801,474,1751,1663]} 1. e4 e6 2. d4 d5 3. Nd2 Nf6 4. e5 Nfd7 5. Bd3 c5 6. c3 Nc6 7. Ne2 cxd4 8. cxd4 f6 9. exf6 Nxf6 10. Nf3 Bd6 11. O-O O-O 12. Bf4 Bxf4 13. Nxf4 Ne4 14. Ne2 Ng5 {C06: French Tarrasch: 3...Nf6 4 e5 Nfd7 5 Bd3 main lines} (14... Rxf3 15. gxf3 Ng5 16. Kh1 e5 17. Qb3 Qf6 18. Be4 Ne7 19. Nc3 Nxe4 20. Nxe4 Qf4 21. dxe5 Bd7 22. Rg1 Qxe5 23. Rae1 Bc6 24. Ng5 {1-0 (43) Safarli,E (2668)-Volkov,S (2617) Nakhchivan 2017}) 15. Ne5 Nxe5 16. dxe5 Qb6 {White is slightly better.} 17. Qb3 Qxb3 18. axb3 Nf7 19. f4 Bd7 20. Nd4 $146 ({Predecessor:} 20. Rac1 Rac8 21. g3 g5 22. Rxc8 Rxc8 {1-0 (47) Siigur,J (2488)-Pucelj,J (2493) ICCF email 2006}) 20... a6 21. g3 Nd8 22. Kf2 Nc6 23. Ke3 Rac8 24. h4 Nxd4 25. Kxd4 Rc6 26. Rfc1 Rfc8 27. Rc3 Rb6 {White must now prevent ...Rb4+.} 28. Rxc8+ Bxc8 29. Rc1 Rb4+ $2 {[%mdl 8192] [#]} (29... Bd7 $16) 30. Kc5 $1 $18 {White is clearly winning.} Rxb3 31. Kd6 {Strongly threatening f5.} Rxd3 32. Rxc8+ Kf7 {[#]} 33. f5 $1 {[%mdl 512] Precision: White = 88%, Black = 64%.} 1-0

[Event "American Continental-ch 2018"]
[Site "Montevideo"]
[Date "2018.06.02"]
[Round "2"]
[White "Perez Ponsa, Federico"]
[Black "Kimelman, Gabriel"]
[Result "*"]
[WhiteElo "2556"]
[BlackElo "2279"]
[Annotator "TA"]
[PlyCount "47"]
[EventDate "2018.??.??"]
[EventType "swiss"]
[EventCountry "URU"]
[SourceTitle "playchess.com"]
[Source "ChessBase"]
[SourceQuality "1"]

{[%evp 19,20,39,28]} 1. e4 e6 2. d4 d5 3. Nd2 Nf6 4. e5 Nfd7 5. Bd3 c5 6. c3 Nc6 7. Ne2 cxd4 8. cxd4 f6 9. exf6 Nxf6 10. Nf3 Bd6 {LiveBook: 1680 Games} {Predecessor:} 11. O-O $146 O-O 12. Bf4 Bxf4 13. Nxf4 Ne4 14. Qc1 Ng5 15. Nxg5 Qxg5 16. Bxh7+ Kxh7 17. Nxe6 Qf5 18. Nxf8+ Qxf8 19. Qg5 Qf5 20. Qxf5+ Bxf5 21. Rfd1 g5 22. h3 Kg6 23. Rd2 Kf6 24. f3 {½-½ (46) Sevian,S (2617)-Repka,C (2513) Lisbon 2018} *

[Event "American Continental-ch 2018"]
[Site "Montevideo"]
[Date "2018.06.02"]
[Round "2"]
[White "Mekhitarian, Krikor Sevag"]
[Black "Larrea, Manuel"]
[Result "1-0"]
[WhiteElo "2546"]
[BlackElo "2268"]
[Annotator "TA"]
[PlyCount "108"]
[EventDate "2018.??.??"]
[EventType "swiss"]
[EventCountry "URU"]
[SourceTitle "playchess.com"]
[Source "ChessBase"]
[SourceQuality "1"]

{[%evp 20,108,64,19,33,33,28,41,43,46,33,33,50,39,60,45,33,25,39,0,0,0,0,-15,-5,-11,10,0,19,0,4,0,0,0,0,0,28,0,0,-59,-45,-47,0,0,8,9,19,14,16,21,54,51,66,59,56,49,55,27,90,91,77,78,209,208,197,186,231,213,191,33,21,51,25,52,480,459,391,393,1317,1209,5181,5185,5197,1778,29962,29961,29956,29953,6103,5620,3089]} 1. d4 Nf6 2. c4 g6 3. Nc3 Bg7 4. e4 d6 5. Nf3 O-O 6. Be2 e5 7. O-O exd4 8. Nxd4 Re8 9. f3 c6 10. Kh1 Nh5 11. Be3 {LiveBook: 8 Games. E94: King's Indian: Classical: 6 Be2 e5 7 0-0: Various Black 7th moves} (11. g4 Nf6 12. Bf4 h5 13. Nf5 gxf5 14. gxf5 d5 15. cxd5 cxd5 16. Rg1 Kh8 17. Rxg7 Kxg7 18. Qg1+ Kh8 19. Bg5 Bxf5 20. Nxd5 Nbd7 {1-0 (30) Gelfand,B (2753)-Amonatov,F (2590) Tromsoe 2014}) 11... Qh4 12. Qe1 Qxe1 13. Rfxe1 {White has an edge.} f5 14. Bf2 $146 ({Predecessor:} 14. Bf1 f4 15. Bf2 Na6 16. Rad1 Be5 17. Rd2 Nc5 18. Red1 Ng7 {0-1 (36) Gokhale,J (2330)-Nadyrhanov,S (2450) Kuala Lumpur 1993}) 14... f4 $1 15. Red1 Be5 16. Nb3 Na6 17. c5 Nxc5 18. Nxc5 dxc5 19. Bxc5 Be6 20. Rac1 Red8 21. Kg1 Kf7 22. Kf1 b6 23. Bf2 Ke7 24. b3 g5 25. Ba6 Rxd1+ 26. Nxd1 Rd8 27. Ke2 Rd6 28. Bc4 Ng7 29. Nc3 (29. a4 $11) 29... Bxc4+ $15 30. bxc4 Ne6 31. c5 bxc5 32. Na4 Bd4 33. Bxd4 cxd4 $11 {[%mdl 4096] Endgame KRN-KRN} 34. Kd3 Kf6 35. Nc5 h6 36. Nxe6 Kxe6 $14 {KR-KR} 37. Rc5 Kd7 38. a4 Ke6 (38... Kc7 $1 $11 {keeps the balance.}) 39. g3 $16 fxg3 40. hxg3 Kd7 (40... Kf7 $16) 41. f4 $1 $18 gxf4 42. gxf4 {[%cal Bg3f4,Bf4f5][%mdl 32]} Rf6 43. f5 ({And not} 43. Kxd4 Rxf4 44. Ra5 Kd6 $11) 43... h5 44. Kxd4 $2 (44. Ra5 $1 $18) 44... h4 $14 45. Rc3 Rh6 {Threatens to win with ...h3.} 46. Rh3 Kd6 $2 {[%mdl 8192]} (46... Rh5 $1 $14) 47. e5+ $18 Ke7 48. Ke4 Rh5 $2 {[#]} (48... c5 49. Kd5 c4 50. f6+ (50. Kxc4 Ra6 $18) 50... Kf8) 49. Kf4 $1 c5 50. Rb3 h3 51. Rb7+ Kf8 52. f6 h2 53. e6 {[%cal Rb7b8]} Rh4+ {[#]} 54. Ke5 $1 {[%cal Rb7b8]} Rh5+ {Precision: White = 67%, Black = 37%.} 1-0

[Event "American Continental-ch 2018"]
[Site "Montevideo"]
[Date "2018.06.02"]
[Round "2"]
[White "El Debs, Felipe De Cresce"]
[Black "Pacheco, Daniel"]
[Result "0-1"]
[WhiteElo "2537"]
[BlackElo "2256"]
[Annotator "TA"]
[PlyCount "88"]
[EventDate "2018.??.??"]
[EventType "swiss"]
[EventCountry "URU"]
[SourceTitle "playchess.com"]
[Source "ChessBase"]
[SourceQuality "1"]

{[%evp 13,88,3,22,0,10,-27,-16,-32,-32,-39,-33,-62,-49,-71,-71,-249,-262,-261,-269,-259,-235,-244,-84,-114,-16,-22,160,68,90,-184,-28,-301,-299,-316,-315,-307,-309,-294,-293,-251,-266,-271,-252,-266,-250,-278,-259,-293,-289,-296,-288,-289,-268,-308,-314,-362,-364,-362,-354,-443,-431,-546,-537,-770,-661,-654,-651,-666,-662,-657,-650,-775,-773,-726,-625,-5518,-5518]} 1. d4 d5 2. c4 Nc6 3. Nc3 Nf6 4. cxd5 Nxd5 5. e4 Nxc3 6. bxc3 e5 7. d5 Nb8 {LiveBook: 27 Games} 8. Qh5 {D07: Queen's Gambit: Chigorin Defence} Bd6 9. Bb5+ $146 ({Predecessor:} 9. Nf3 O-O 10. Bd3 Nd7 11. O-O Qe7 12. Nd2 Nc5 13. Bc2 b5 14. Nb3 Na4 15. c4 bxc4 {½-½ (30) Szwed,J (2259)-Vojta,T (2370) Frydek Mistek 2010}) 9... c6 10. Bc4 {The position is equal.} Qa5 11. Ne2 Qa4 12. Bd3 cxd5 13. exd5 Nd7 (13... Bg4 $6 14. Qg5 $14) 14. O-O $2 (14. Ng3 $17 {was called for.} Nc5 15. Qe2 Nxd3+ 16. Qxd3) 14... Nc5 $19 15. Qg5 Nxd3 16. Qxg7 Rf8 17. Bh6 Qh4 $2 (17... Bd7 $19 {and Black stays clearly on top.} 18. Qg5 Qg4 19. Qxg4 Bxg4 20. Bxf8 Bxf8) 18. Ng3 $17 f6 (18... Bd7 $1 $17 {And now ...Bc5 would win.} 19. Bg5 Qc4) 19. Qxh7 $11 Nc5 $2 ({Black should play} 19... Rf7 $1 $11 20. Qg8+ Ke7 21. Qxc8 Qxh2+ 22. Kxh2 Rxc8 23. Nf5+ Kd7) 20. Qg6+ ({Better is} 20. f4 $1 $16 {[%cal Rf4e5] Threatens to win with fxe5.} Bg4 21. Qg6+ Ke7 22. Rab1 (22. Bxf8+ Rxf8 23. Rae1 Nd7 $14)) 20... Rf7 {[#]} 21. Nh5 $2 {[%mdl 8192]} (21. f4 $1 $16 {[%cal Rf4e5][%mdl 512] fxe5 is the strong threat.} Qg4 {[#]} (21... exf4 22. Rae1+) 22. Bg5 $1 {[%mdl 512]}) 21... Ke7 $2 (21... Bg4 $19 22. Ng3 Bd7) 22. Nxf6 $2 {[%mdl 8192]} (22. f4 $1 $11 {and White stays safe.} e4 23. Bg7) 22... Bf5 $1 $19 {[%cal Rf5g6]} ({Not} 22... Rxf6 $2 23. Qg7+ Ke8 24. Bg5 $18) 23. Qh5 Qxh5 ({Inferior is} 23... Qxf6 24. Bg5 $11) 24. Nxh5 Rh8 25. Bg5+ Kd7 26. Ng3 Bd3 27. Rfd1 Rfh7 28. h3 b6 29. Be3 {Strongly threatening Bxc5.} Bg6 30. Re1 Na4 31. Bd2 Rh4 32. Bg5 Rc4 (32... Nxc3 33. Bxh4 Rxh4 34. Nf1 $17) 33. Bf6 Re8 34. h4 Nxc3 35. h5 Bh7 ({Much less strong is} 35... Nxd5 36. hxg6 Nxf6 37. Nf5 $19) 36. Rac1 Ba3 {Black is clearly winning.} 37. Rxc3 Rxc3 38. Bxe5 Rc1 39. Rxc1 Bxc1 40. f4 Rf8 41. Ne2 Be3+ 42. Kh2 Bd3 43. h6 Bxe2 44. Bg7 Rxf4 {Precision: White = 27%, Black = 53%.} 0-1

[Event "American Continental-ch 2018"]
[Site "Montevideo"]
[Date "2018.06.02"]
[Round "2"]
[White "Alonso, Salvador"]
[Black "Jodorcovsky Werjivker, Paulo"]
[Result "1-0"]
[WhiteElo "2519"]
[BlackElo "2249"]
[Annotator "TA"]
[PlyCount "81"]
[EventDate "2018.??.??"]
[EventType "swiss"]
[EventCountry "URU"]
[SourceTitle "playchess.com"]
[Source "ChessBase"]
[SourceQuality "1"]

{[%evp 23,81,35,39,58,61,58,67,62,60,75,235,217,227,219,219,215,226,221,243,253,245,234,216,222,262,270,271,279,255,264,355,352,412,403,571,560,564,560,551,537,541,539,527,0,516,493,549,550,804,789,871,801,1270,1248,29964,744,29965,29965,29963,29950]} 1. e4 c5 2. Nf3 e6 3. d4 cxd4 4. Nxd4 a6 5. Bd3 Bc5 6. Nb3 Be7 7. Qg4 g6 8. Qe2 d6 {B42: Sicilian: Kan Variation: 5 Bd3} 9. O-O Nd7 10. Nc3 {[%cal Bb1c3,Bc3e4,Be4d6][%mdl 32]} (10. a4 b6 11. Na3 Ngf6 12. Bh6 Bf8 13. Bxf8 Kxf8 14. Nc4 Qc7 15. f4 d5 16. exd5 Nxd5 {1-0 (32) Leko,P (2691)-Svidler,P (2765) Riadh 2017}) 10... Qc7 11. Bd2 b6 12. Rae1 Bb7 {LiveBook: 29 Games} 13. f4 Ngf6 14. e5 Nd5 15. Ne4 $1 dxe5 16. fxe5 {[#]} Nb4 $146 (16... b5 $16 {was necessary.}) 17. Nd6+ $1 $18 Bxd6 18. exd6 Qxd6 19. Bxb4 $1 Qxb4 {[#]} 20. Rxf7 $3 $40 {[%mdl 640] Black is in trouble.} Qxe1+ ({Much weaker is} 20... Kxf7 21. Qxe6+ Kg7 22. Qxd7+ Kh6 23. Re7 $18) 21. Qxe1 Kxf7 {[#]} 22. Qf2+ $1 Ke7 23. Qh4+ {[%mdl 1024] White has strong compensation.} Kf7 24. Qf4+ Ke7 25. Qb4+ Kf7 26. Qd6 Rad8 27. Bc4 Rhe8 {[#]} 28. Qc7 $1 b5 (28... Bd5 {might work better.} 29. Bxd5 (29. Bxa6 Bxb3 30. axb3 Rf8 $18) 29... exd5) 29. Nc5 bxc4 30. Nxb7 Ke7 31. Qd6+ Kf6 32. Qf4+ Ke7 33. Qd6+ Kf6 $1 34. Nxd8 Rxd8 {[%mdl 4096] Endgame KQ-KRN} 35. b4 cxb3 36. axb3 Kf7 37. c4 {[%cal Bc2c4,Bc4c5,Bc5c6][%mdl 32]} e5 38. c5 Ke8 39. Qe6+ Kf8 40. c6 Nc5 41. Qf6+ {Precision: White = 90%, Black = 47%.} 1-0

[Event "American Continental-ch 2018"]
[Site "Montevideo"]
[Date "2018.06.02"]
[Round "2"]
[White "Vera Siguenas, Deivy"]
[Black "Vergara Jofre, Felipe"]
[Result "1-0"]
[WhiteElo "2516"]
[BlackElo "2245"]
[Annotator "TA"]
[PlyCount "73"]
[EventDate "2018.??.??"]
[EventType "swiss"]
[EventCountry "URU"]
[SourceTitle "playchess.com"]
[Source "ChessBase"]
[SourceQuality "1"]

{[%evp 19,73,0,0,0,0,0,0,0,0,0,0,0,0,0,0,8,27,45,59,29,25,37,52,41,58,54,255,259,310,311,313,314,302,304,295,290,337,330,388,300,313,0,320,285,446,420,509,368,393,391,423,425,1500,1471,29998,29999]} 1. e4 c5 2. Nf3 d6 3. c3 Nf6 4. h3 Nc6 5. Bd3 d5 6. e5 Nd7 7. Bb5 {B50: Sizilianisch (Verschiedenes mit 2...d6)} e6 (7... Qb6 8. Ba4 c4 9. b4 a5 10. a3 e6 11. d4 cxd3 12. Bf4 Qc7 13. Nbd2 Be7 14. O-O O-O {1-0 (56) Bachmann,A (2609)-Dragun,K (2594) Moscow 2016}) 8. O-O Be7 9. d4 Qb6 10. Ba4 O-O {LiveBook: 3 Partien} 11. Re1 f6 12. exf6 Nxf6 13. Bc2 Bd7 14. a3 Rac8 15. b3 $146 cxd4 16. cxd4 Bd6 17. Bb2 Na5 18. Nbd2 Rc7 19. Rc1 Bf4 20. Bd3 Rxc1 21. Bxc1 Nc6 22. b4 e5 $2 {[#]} ({Nicht} 22... Nxd4 $2 23. Nxd4 e5 24. Ne2 $18) (22... Rc8 $14) 23. dxe5 $18 Nxe5 24. Rxe5 Bxe5 25. Nxe5 Bb5 26. Ndf3 Bxd3 27. Qxd3 a5 28. Be3 Qc7 29. Qf5 Qc8 30. Qd3 $2 ({Besser ist} 30. Qb1 $18) 30... axb4 $2 {[%mdl 8192]} (30... Qc7 $1 $11 31. g4 axb4) 31. axb4 Rd8 (31... Qe6 {war einen Versuch wert.} 32. Qb5 Rb8) 32. Ng5 d4 33. Bd2 Rd5 34. f4 h6 35. Ngf7 {Droht Sxh6+! und aus.} Qa8 {[#]} (35... Qe8 $142 36. Qg3 Kf8) 36. Nxh6+ $1 {[%mdl 512]} gxh6 37. Qg6+ {Precision: Weiß = 77%, Schwarz = 33%.} 1-0

[Event "American Continental-ch 2018"]
[Site "Montevideo"]
[Date "2018.06.02"]
[Round "2"]
[White "Hungaski, Robert"]
[Black "Benoit, Rodrigo"]
[Result "1-0"]
[WhiteElo "2510"]
[BlackElo "2238"]
[Annotator "TA"]
[PlyCount "51"]
[EventDate "2018.??.??"]
[EventType "swiss"]
[EventCountry "URU"]
[SourceTitle "playchess.com"]
[Source "ChessBase"]
[SourceQuality "1"]

{[%evp 24,51,9,0,30,30,30,30,30,27,66,69,89,62,68,61,78,62,65,35,81,72,97,100,89,94,101,107,561,557]} 1. e4 {[%cal Be2e4,Be4e5][%mdl 32]} e6 2. d4 d5 3. Nc3 Nf6 4. e5 Nfd7 5. f4 c5 6. Nf3 Nc6 7. Be3 Be7 8. Qd2 a6 9. Be2 O-O {C11: Französische Verteidigung} 10. O-O b5 11. Nd1 (11. a3 Bb7 12. Nd1 f6 13. c3 Rc8 14. Bd3 Na5 15. Qe2 fxe5 16. fxe5 cxd4 17. cxd4 {1-0 (38) Grischuk,A (2761)-Caruana,F (2808) Paris 2017}) 11... cxd4 12. Nxd4 Nxd4 13. Bxd4 {LiveBook: 6 Partien} Nc5 14. Qe3 Qc7 15. Nf2 {[%cal Bd1f2,Bf2d3,Bd3b4,Bb4d5][%mdl 32]} Bd7 $146 ({Vorgänger:} 15... Bb7 16. Ng4 Ne4 17. Bd3 {1-0 (27) Garcia Pantoja,R (2473)-Gallego,J (1809) Manizales 2017}) 16. c3 Rac8 17. Rac1 Qb8 18. Bf3 Nb7 {[%cal Bc5b7,Bb7a5,Ba5c4][%mdl 32]} 19. Nd3 a5 20. a3 a4 21. Nb4 h6 22. Rce1 Na5 {[#]} 23. f5 $1 {[%cal Rf5f6]} Nc4 {[#]} 24. Qf2 $1 {Droht stark f6.} exf5 25. Nxd5 Bd8 $2 {[%mdl 8192]} (25... Rce8 $16) 26. Ba7 {Precision: Weiß = 65%, Schwarz = 23%.} 1-0

[Event "American Continental-ch 2018"]
[Site "Montevideo"]
[Date "2018.06.02"]
[Round "2"]
[White "Rodriguez Vila, Andres"]
[Black "Teixeira, Ricardo da Silva"]
[Result "1-0"]
[WhiteElo "2483"]
[BlackElo "2235"]
[Annotator "TA"]
[PlyCount "157"]
[EventDate "2018.??.??"]
[EventType "swiss"]
[EventCountry "URU"]
[SourceTitle "playchess.com"]
[Source "ChessBase"]
[SourceQuality "1"]

{[%evp 17,157,0,14,9,0,0,8,6,45,39,58,50,67,38,66,36,31,4,26,0,8,6,47,38,82,58,74,58,89,71,79,46,85,87,87,56,90,83,83,70,89,89,86,83,95,82,99,74,99,99,114,99,114,95,96,97,99,99,99,77,99,99,100,100,113,100,101,98,180,182,157,147,177,185,158,161,165,161,143,148,316,286,291,263,316,310,616,497,429,0,566,555,847,799,2154,1954,1809,1868,29961,9677,1837,1320,1322,1104,871,480,1805,1873,29975,29950,5417,429,29955,5601,29972,29973,29968,29970,29965,29972,29969,29967,29982,29983,29983,29984,29984,29968,29969,29969,29967,29969,29969,29971,29968,29968,29973,29973,29971,29971,29977,29979]} 1. d4 e6 2. e4 d5 3. e5 c5 4. c3 Nc6 5. Nf3 Nge7 6. Bd3 cxd4 7. cxd4 Nf5 8. Bxf5 exf5 9. O-O Be6 {LiveBook: 30 Games. C02: French: Advance Variation} (9... Be7 10. Ne1 Qb6 11. Nc2 Be6 12. Nc3 Rc8 13. Qd3 O-O 14. Rd1 Rfd8 15. b3 Qc7 16. Bb2 a6 17. f4 {½-½ (58) Pruijssers,R (2490)-Dgebuadze,A (2499) Belgium 2017}) 10. Qb3 Qd7 11. Nc3 {[%cal Bb1c3,Bc3e2,Be2f4][%mdl 32]} Be7 {The position is equal.} 12. Ne2 O-O $146 ({Predecessor:} 12... h6 13. Bd2 g5 14. Rfc1 f4 15. Ne1 f6 16. Nd3 fxe5 17. Nxe5 Nxe5 18. dxe5 {0-1 (80) Milanovic,S (2150)-Indjic,D (2283) Kac 2016}) 13. Bg5 Rac8 14. Bxe7 Nxe7 15. Nf4 Rc4 16. Qe3 Rfc8 17. h4 h6 18. Rab1 Kh7 19. g3 Ng8 20. Kg2 g6 21. Rh1 Kg7 22. Nd3 Qe7 23. a3 b6 24. Ng1 {[%cal Bf3g1,Bg1e2,Be2c3][%mdl 32]} Qd7 25. Ne2 Ne7 26. Rhd1 Qb5 27. Nc3 Qd7 28. Rbc1 Nc6 29. Nf4 {Threatens to win with b3.} Ne7 30. Rc2 a6 31. Kh2 a5 32. Rcc1 Ng8 33. b3 R4c7 34. a4 Ne7 35. Nb5 Rxc1 36. Rxc1 Rxc1 37. Qxc1 Nc6 38. Nd3 Qb7 39. Kg2 Qd7 40. Kf3 Qb7 41. Ke3 Qd7 42. Qa3 g5 (42... Qc8 $16) 43. hxg5 $18 hxg5 44. f4 g4 45. Qd6 Qxd6 46. exd6 {[%mdl 4096] Endgame KBN-KNN} (46. Nxd6 Bd7 $16) 46... Nd8 47. b4 $1 Nb7 48. bxa5 bxa5 $2 (48... Nxa5 $16 {was called for.} 49. Nb4 Kg6) 49. Nc5 Nd8 50. Nc7 Kf8 51. Kd3 Kg8 $2 (51... Nc6 52. Nb3 (52. N5xe6+ fxe6 53. Nxe6+ Kf7 $16) 52... Nb4+ 53. Kd2 Nc6) 52. Kd2 Kg7 53. Kd3 $2 (53. Nb3 $18 Nc6 54. Nxe6+ fxe6 55. d7) 53... Kf8 $2 {[%mdl 8192]} (53... Kg8 $1 $11 {and Black is okay.}) 54. Kc3 Kg7 55. Nb3 Nb7 56. Nxe6+ fxe6 {KN-KN} 57. d7 Kf7 {[#]} 58. Nxa5 $1 {[%mdl 512]} Nd8 (58... Nxa5 59. d8=Q) 59. Kb4 Ke7 60. Kc5 {And now Nc6+ would win.} Kxd7 {[#]} 61. Kb6 $1 Nf7 (61... Kc8 $142 62. Nc6 Nb7 63. Ne7+ Kb8) 62. Nb7 e5 63. dxe5 Nxe5 64. a5 (64. fxe5 $142 f4 65. a5) 64... Nc6 (64... Nc4+ $18 65. Kc5 Kc7) 65. a6 d4 66. Nc5+ {White mates.} Kd6 67. Nd3 Kd5 {[#]} 68. Nb4+ $1 {[%mdl 512]} Nxb4 {KN-K3P} 69. a7 d3 70. a8=Q+ Kc4 71. Qc8+ Kb3 72. Qxf5 d2 73. Qb1+ Kc3 74. f5 {[%cal Bf4f5,Bf5f6,Bf6f7][%mdl 32]} Nd5+ 75. Kc5 Nf6 76. Kd6 Kd4 77. Ke6 Ne4 78. f6 Ke3 79. f7 {Precision: White = 57%, Black = 21%.} 1-0

[Event "American Continental-ch 2018"]
[Site "Montevideo"]
[Date "2018.06.02"]
[Round "2"]
[White "Cori Quispe, Kevin Joel"]
[Black "Borges, Guilherme Deola"]
[Result "1-0"]
[WhiteElo "2468"]
[BlackElo "2219"]
[Annotator "TA"]
[PlyCount "77"]
[EventDate "2018.??.??"]
[EventType "swiss"]
[EventCountry "URU"]
[SourceTitle "playchess.com"]
[Source "ChessBase"]
[SourceQuality "1"]

{[%evp 20,77,54,60,73,63,85,79,79,81,84,26,26,22,64,66,56,45,67,44,41,0,0,0,63,58,60,64,143,156,170,162,160,157,150,169,168,127,236,229,362,364,368,367,378,287,566,283,965,955,768,1047,989,952,1558,1589,1516,1527,1218,1090]} 1. e4 c5 2. Nf3 e6 3. d4 cxd4 4. Nxd4 Nc6 5. Nc3 Qc7 6. Be2 a6 7. O-O Nf6 8. Be3 Bb4 9. Nxc6 bxc6 10. f4 d5 {B49: Sicilian: Taimanov: 5 Nc3 Qc7 6 Be3 a6 7 Be2} (10... O-O 11. e5 Bxc3 12. bxc3 Nd5 13. Bc5 Nxc3 14. Qd3 Nxe2+ 15. Qxe2 Re8 16. Rf3 Rb8 17. c4 d5 18. exd6 {1-0 (34) Sengupta,D (2551)-Perunovic,M (2627) Warsaw 2016}) 11. e5 {LiveBook: 19 Games} Bxc3 12. bxc3 Ne4 {White is slightly better.} 13. Bd3 $146 ({Predecessor:} 13. Bf3 Nxc3 14. Qd2 Nb5 15. a4 Na7 16. Bc5 Bd7 17. Rab1 Nc8 18. Rb3 {1-0 (26) Papadopoulos,A (2267)-Laspas,P (1924) Porto Rio 2015}) 13... O-O 14. Bxe4 dxe4 15. Bc5 (15. Qd6 $16 Qxd6 16. exd6) 15... Rd8 $11 16. Bd6 Qb6+ 17. Qd4 c5 18. Qe3 $40 {[%mdl 128] White attacks.} Bb7 19. Rab1 Qc6 20. f5 exf5 21. Rxf5 Rac8 ({Better is} 21... Rd7 $11) 22. Rg5 Rd7 23. Rf1 {[#] Threatens to win with Rxg7+!} g6 (23... Qd5 $14) 24. h4 $16 Rxd6 25. exd6 Qxd6 {[#]} 26. Qf4 $1 {[%cal Rf4d6]} Qxf4 27. Rxf4 {[%mdl 4096] Endgame KRR-KRB} Rd8 28. Kf1 e3 (28... Bd5 $16) 29. Ke2 $18 ({Don't play} 29. Rxc5 $6 Rd2) 29... Rd2+ (29... Re8 {keeps fighting.} 30. g4 (30. Rxc5 Bxg2 31. Ra5 Re6 $16) 30... Be4 31. Rxc5 Bxc2) 30. Kxe3 Rxc2 31. Rxc5 Rxa2 32. g4 {[%cal Bg2g4,Bg4g5][%mdl 32]} Rh2 $2 (32... Ra1 {might work better.} 33. g5 Re1+ 34. Kd4 Rd1+ 35. Kc4 Kg7) 33. g5 Kf8 $2 (33... Rh1 34. Rc7 Bd5) 34. c4 {White is clearly winning.} Rh1 35. Rc7 Re1+ 36. Kd4 Re7 37. Rxe7 Kxe7 38. Kc5 Bc8 39. Kb6 {Precision: White = 72%, Black = 33%.} 1-0